Countries of the World Languages - Sudden Death - Statistics

General Stats
  • This quiz has been taken 114 times
  • The average score is 8 of 63
Answers on the Grid
Answers color-coded by a green-red scale on the quiz's grid according to % correct below.
Afrikaans
Albanian
Arabic
Armenian
Azerbaijani
Bulgarian
Catalan
Chinese - Simplified
Chinese - Traditional
Croatian
Czech
Danish
Dutch
English
Esperanto
Estonian
Finnish
French
Galician
Georgian
German
Greek
Hebrew
Hindi
Hungarian
Icelandic
Indonesian
Irish
Italian
Japanese
Korean
Latin
Latvian
Lithuanian
Luxembourgish
Maltese
Maori
Nepali
Norwegian
Persian
Picard
Polish
Portuguese
Romanian
Romansh
Samoan
Serbian
Slovak
Slovenian
Sorbian
Spanish
Swedish
Tagalog
Telugu
Thai
Turkish
Ukrainian
Urdu
Uzbek
Venetian
Vietnamese
Welsh
Yiddish
Turkmen
Kazakh
Kyrgyz
Tajik
Pashto
Marathi
Haitian Creole
Bosnian
Flemish
Belarusian
Swahili
Tatar
Chechen
Mongolian
Fijian Hindi
Scottish
Sami
Uyghur
Dzongkha
Bengali
Montenegrin
Malayalam
Malaysian
Tok Pisin
Tongan
Punjabi
Amharic
Somali
Macedonian
Burmese
Khmer
Lao
Quechua
Xhosa
Zulu
Timorese
Javanese
 
Answer Stats
Answer % Correct
Hindi
40%
Danish
30%
Dutch
30%
Hebrew
30%
Polish
30%
Urdu
30%
Albanian
25%
French
25%
Spanish
25%
English
20%
Greek
20%
Hungarian
20%
Irish
20%
Korean
20%
Romanian
20%
Arabic
15%
Croatian
15%
Czech
15%
Finnish
15%
German
15%
Japanese
15%
Maltese
15%
Portuguese
15%
Tagalog
15%
Thai
15%
Armenian
10%
Bulgarian
10%
Catalan
10%
Chinese - Simplified
10%
Estonian
10%
Indonesian
10%
Italian
10%
Latvian
10%
Lithuanian
10%
Maori
10%
Norwegian
10%
Serbian
10%
Slovak
10%
Swedish
10%
Ukrainian
10%
Vietnamese
10%
Afrikaans
5%
Chinese - Traditional
5%
Esperanto
5%
Georgian
5%
Icelandic
5%
Nepali
5%
Persian
5%
Slovenian
5%
Turkish
5%
Uzbek
5%
Welsh
5%
Azerbaijani
0%
Galician
0%
Latin
0%
Luxembourgish
0%
Picard
0%
Romansh
0%
Samoan
0%
Sorbian
0%
Telugu
0%
Venetian
0%
Yiddish
0%
No matching quizzes found
Score Distribution
Percent of People with Each Score
Percentile by Number Answered
Your Score History
You have not taken this quiz